00459nam a2200157 a 45000010005000000030009000050080041000140400028000550820014000831000018000972450099001152500007002142600035002213000015002566500030002714955CO-ViMGA141112s2004 ck r 000 u spa d aCO-ViMGAbspacCO-ViMGA04aR610 C1631 aCape, Barbara10aGuía diccionario del auxiliar sanitario y de la enfermeria / cCape Barbara , Dabson Pamela  a4a aBaarcelona : bElicien, c1977 a531 p : il14aENFERMERIA - DICCIONARIOS